| 000 | 00667cam a2200229 a 4500 | ||
|---|---|---|---|
| 001 | 3750717 | ||
| 005 | 20171221035210.0 | ||
| 008 | 820727s1982 cau b 000 0 eng | ||
| 010 | _a 82010720 | ||
| 020 | _a0803918720 (pbk.) | ||
| 020 | _a0803918712 (hard) | ||
| 040 |
_aDLC _cDLC _dDLC |
||
| 041 | _aeng | ||
| 080 | _a001.433 CAM | ||
| 082 | 0 | 0 |
_a001.433 CAM _219 |
| 100 | 1 | _a46 | |
| 101 | _aEDU | ||
| 245 | 1 | 0 |
_aWhat to study : _cby John P. Campbell, Richard L. Daft, and Charles L. Hulin. |
| 504 | _aBibliography: p. 166-167. | ||
| 906 |
_a7 _bcbc _corignew _d1 _eocip _f19 _gy-gencatlg |
||
| 942 |
_2ddc _cBK |
||
| 999 |
_c39260 _d39260 |
||